[Event "73. Deutsche Meisterschaft"]
[Site "Altenkirchen"]
[Date "2001.12.04"]
[Round "5"]
[White "Wolter, Dr., Kai"]
[Black "Scherer, Max"]
[Result "0-1"]
[WhiteElo "2295"]
[BlackElo "2310"]
[PlyCount "88"]


1. e4 e6 2. d4 b6 3. Nf3 Bb7 4. Bd3 c5 5. c3 Nf6 6. Qe2 Be7 7. O-O Nc6 8. a3 d5
9. e5 Nd7 10. b4 g5 11. Be3 c4 12. Bc2 h6 13. Nbd2 Qc7 14. Ne1 O-O-O 15. f4 f5
16. a4 gxf4 17. Bxf4 Bxb4 18. cxb4 Nxd4 19. Qe3 Nc6 20. Ndf3 Nxb4 21. Nd4 Nc5
22. Rb1 a5 23. Bd1 Bc6 24. Nef3 Bd7 25. Nxf5 exf5 26. e6 Qb7 27. exd7+ Qxd7 28.
Ne5 Qg7 29. Qh3 Kb7 30. Bf3 c3 31. Be2 Rhg8 32. Bb5 c2 33. Rbe1 Ne4 34. Re2 Rc8
35. Nf3 Rc3 36. Qxh6 Qxh6 37. Bxh6 Rd8 38. Rc1 d4 39. Nd2 d3 40. Ree1 Na2 41.
Nxe4 fxe4 42. Rxe4 Nxc1 43. Bxc1 d2 44. Re7+ Rc7 0-1

[Event "73. Deutsche Meisterschaft"]
[Site "Altenkirchen"]
[Date "2001.12.04"]
[Round "5"]
[White "Prusikhin, Mikhajlo"]
[Black "Berezovsky, Igor"]
[Result "1-0"]
[WhiteElo "2502"]
[BlackElo "2432"]
[PlyCount "87"]


1. d4 c5 2. d5 e5 3. Nc3 d6 4. e4 a6 5. a4 Be7 6. a5 Bg5 7. Bxg5 Qxg5 8. Nf3
Qd8 9. Nd2 Ne7 10. Be2 O-O 11. Nc4 Ng6 12. g3 Bh3 13. Bg4 Bxg4 14. Qxg4 Nd7 15.
Qf3 Qc7 16. h4 Ne7 17. Ne3 b5 18. axb6 Qxb6 19. Ra2 Rfb8 20. O-O Rb7 21. Rfa1
Nb8 22. Nc4 Qd8 23. Nd1 h6 24. Nde3 Raa7 25. Qg4 Qd7 26. Qf3 Qd8 27. b3 Rd7 28.
Qg4 Nc8 29. f4 exf4 30. Qxf4 Nb6 31. Nd2 Rac7 32. Rf1 Rc8 33. Qg4 Kh8 34. c4
Qe7 35. Nf5 Qf6 36. Nf3 Re8 37. Raf2 Rdd8 38. Ng5 hxg5 39. hxg5 Qg6 40. Rh2+
Kg8 41. Qh4 f6 42. gxf6 Qxf6 43. Ne7+ Rxe7 44. Rxf6 1-0

[Event "73. Deutsche Meisterschaft"]
[Site "Altenkirchen"]
[Date "2001.12.04"]
[Round "5"]
[White "Bruehl, Andreas"]
[Black "Rabiega, Robert"]
[Result "0-1"]
[WhiteElo "2277"]
[BlackElo "2503"]
[PlyCount "88"]


1. e4 c5 2. Nf3 Nc6 3. b3 e5 4. Bb2 d6 5. g3 g6 6. Bg2 Nf6 7. O-O Bg7 8. Re1
O-O 9. c3 Re8 10. d3 h6 11. Nbd2 d5 12. c4 dxe4 13. dxe4 Qa5 14. Nf1 Bg4 15.
Ne3 Rad8 16. Nd5 Nxd5 17. cxd5 Nd4 18. Qd3 Bd7 19. Bc3 Qa3 20. Nd2 b5 21. Rab1
Rc8 22. Bf1 f5 23. Bb2 Qa5 24. Bc3 Qb6 25. Bg2 Qa6 26. Bf1 h5 27. Bxd4 cxd4 28.
Rbc1 Qa3 29. Rxc8 Rxc8 30. exf5 gxf5 31. Bh3 Qf8 32. Qe2 Qf7 33. a4 bxa4 34.
bxa4 e4 35. Qa6 Rc2 36. Rd1 Qxd5 37. Qxa7 e3 38. Bg2 Qd6 39. Nf3 exf2+ 40. Kh1
Bc6 41. Nh4 Bf6 42. Rf1 Bxh4 43. gxh4 Bxg2+ 44. Kxg2 Qg6+ 0-1

[Event "73. Deutsche Meisterschaft"]
[Site "Altenkirchen"]
[Date "2001.12.04"]
[Round "5"]
[White "Haensel, Thomas"]
[Black "Knuth, Hannes"]
[Result "1-0"]
[WhiteElo "2259"]
[BlackElo "2313"]
[PlyCount "111"]


1. e4 c5 2. Nf3 Nc6 3. d4 cxd4 4. Nxd4 Nf6 5. Nc3 e6 6. Ndb5 d6 7. Bf4 e5 8.
Bg5 a6 9. Na3 b5 10. Nd5 Be7 11. Bxf6 Bxf6 12. c3 Rb8 13. Nc2 a5 14. Nxf6+ gxf6
15. Ne3 Ne7 16. Qf3 Ng6 17. Nd5 f5 18. h4 fxe4 19. Nf6+ Ke7 20. Nd5+ Kf8 21.
Qxe4 Bb7 22. Qd3 b4 23. c4 Bxd5 24. Qxd5 Nf4 25. Qd2 Ne6 26. g3 Nd4 27. Bg2 Qf6
28. O-O Rg8 29. Rad1 Rc8 30. b3 Qg6 31. Qe3 Kg7 32. Rfe1 Nc2 33. Qa7 Nxe1 34.
Rxe1 Kh8 35. Qxa5 f5 36. Qxb4 f4 37. Be4 Qg7 38. Qb7 Rc7 39. Qb6 fxg3 40. f3
Rd7 41. Qe3 g2 42. Bd5 Qg3 43. Bxg8 Rg7 44. Be6 Qxh4 45. Bg4 h5 46. Qh6+ Kg8
47. Be6+ Kf8 48. Qh8+ Ke7 49. Qxg7+ Kxe6 50. Qg6+ Ke7 51. Qe4 Qh1+ 52. Kf2 h4
53. Rg1 h3 54. f4 Qh2 55. fxe5 dxe5 56. a4 1-0

[Event "73. Deutsche Meisterschaft"]
[Site "Altenkirchen"]
[Date "2001.12.04"]
[Round "5"]
[White "Breutigam, Martin"]
[Black "Tischbierek, Raj"]
[Result "1/2-1/2"]
[WhiteElo "2411"]
[BlackElo "2493"]
[PlyCount "90"]


1. d4 Nf6 2. c4 e6 3. Nc3 Bb4 4. Bg5 h6 5. Bh4 c5 6. dxc5 Nc6 7. Nf3 Bxc3+ 8.
bxc3 Qa5 9. Bxf6 gxf6 10. Qd3 Qxc5 11. g3 b6 12. Rd1 O-O 13. Bg2 Ba6 14. Nd2 f5
15. g4 fxg4 16. h3 g3 17. Qxg3+ Qg5 18. Qxg5+ hxg5 19. Rg1 Rad8 20. Bxc6 dxc6
21. Rxg5+ Kh7 22. c5 Rd5 23. Rxd5 exd5 24. cxb6 axb6 25. Rb1 Re8 26. e3 Rb8 27.
a4 Bd3 28. Rb2 Ra8 29. Rxb6 Rxa4 30. Nf3 c5 31. Ne5 Ra1+ 32. Kd2 Bf5 33. Nxf7
Ra2+ 34. Ke1 Kg7 35. Ng5 c4 36. Ne6+ Kf7 37. Nf4 Be4 38. f3 Bxf3 39. Rb5 Rc2
40. Nxd5 Bxd5 41. Rxd5 Rxc3 42. Kd2 Ra3 43. Rd4 Ra2+ 44. Kc3 Ra3+ 45. Kd2 Ra2+
1/2-1/2

[Event "73. Deutsche Meisterschaft"]
[Site "Altenkirchen"]
[Date "2001.12.04"]
[Round "5"]
[White "Espig, Lutz"]
[Black "Wahls, Matthias"]
[Result "1-0"]
[WhiteElo "2411"]
[BlackElo "2580"]
[PlyCount "95"]


1. Nf3 c5 2. c4 Nf6 3. Nc3 e6 4. g3 b6 5. Bg2 Bb7 6. O-O d6 7. b3 Nbd7 8. Bb2
a6 9. e3 g6 10. d4 Bg7 11. Qe2 O-O 12. Rfd1 Qc7 13. Rd2 Rad8 14. Rad1 Rfe8 15.
Ne1 Bxg2 16. Nxg2 cxd4 17. Rxd4 Nc5 18. Ne1 Qc6 19. R4d2 Qc7 20. Qf3 Nfd7 21.
Qg2 Ne5 22. Ne4 Nxe4 23. Qxe4 b5 24. cxb5 axb5 25. Qb4 Qb7 26. Rxd6 Rxd6 27.
Qxd6 Nf3+ 28. Nxf3 Bxb2 29. Qd7 Qxd7 30. Rxd7 b4 31. Kf1 Ra8 32. Rd2 Bc3 33.
Rc2 f5 34. Ke2 Kg7 35. Nd4 e5 36. Nb5 Ba1 37. e4 Ra5 38. Nd6 Ra6 39. Nc4 Bd4
40. Kd3 Kf6 41. f4 Ra7 42. exf5 gxf5 43. fxe5+ Bxe5 44. Nxe5 Kxe5 45. Re2+ Kd5
46. Rf2 Ke5 47. Kc4 Rb7 48. Rf4 1-0

[Event "73. Deutsche Meisterschaft"]
[Site "Altenkirchen"]
[Date "2001.12.04"]
[Round "5"]
[White "von Hermann, Ulf"]
[Black "Bischoff, Dieter"]
[Result "0-1"]
[WhiteElo "2395"]
[BlackElo "2313"]
[PlyCount "86"]


1. d4 Nf6 2. c4 c5 3. d5 b5 4. f3 bxc4 5. e4 d6 6. Bxc4 g6 7. Ne2 Bg7 8. O-O
O-O 9. Nec3 Nbd7 10. a4 Nb6 11. Be2 a5 12. Nb5 Ba6 13. N1c3 Nfd7 14. f4 Bxb5
15. Bxb5 Rb8 16. Be3 Qc7 17. Kh1 Nc8 18. Qe2 Na7 19. Rad1 Qb7 20. e5 dxe5 21.
fxe5 Nxb5 22. Nxb5 Bxe5 23. Bh6 Rfe8 24. Qf2 f6 25. Qe2 Nb6 26. b3 Rbd8 27. Qe4
Qd7 28. Qh4 Nc8 29. Qf2 Nd6 30. Qxc5 Nxb5 31. axb5 Bd6 32. Qc6 Qg4 33. Be3 Rc8
34. Qb6 Rc2 35. Bf2 Rec8 36. Qd4 Qh5 37. Bg1 Qg5 38. Qe4 f5 39. Qe6+ Kg7 40.
Bd4+ Kf8 41. Bf2 Qh5 42. g3 R8c3 43. Qe1 Qf3+ 0-1

[Event "73. Deutsche Meisterschaft"]
[Site "Altenkirchen"]
[Date "2001.12.04"]
[Round "5"]
[White "Muranyi, Karl-Jasmin"]
[Black "Keilhack, Harald"]
[Result "1-0"]
[WhiteElo "2331"]
[BlackElo "2318"]
[Annotator "A.F. nach Muranyi"]
[PlyCount "129"]


1. d4 d5 2. Bf4 g6 3. e3 Bg7 4. Nf3 Nf6 5. h3 {Gegen Sh5 gerichtet.} 5... c5 6.
c3 Nc6 7. Nbd2 O-O 8. Be2 b6 9. Ne5 Nxe5 10. Bxe5 Bb7 11. O-O Nd7 12. Bxg7 Kxg7
13. b4 {Mit Spiel gegen den schlechten Laeufer auf b7.} 13... Qc7 14. bxc5 bxc5
15. Qa4 Rfc8 16. Rfb1 Nb6 17. Qa5 c4 (17... cxd4 18. cxd4 Qc3 19. Nb3 $14) 18.
Bg4 e6 19. Rb4 Bc6 20. Bd1 {Verhindert Sa4.} 20... Nd7 21. Qxc7 Rxc7 22. Rab1
Kf8 23. Bc2 Ke7 24. f3 Kd6 25. Kf2 f6 26. e4 e5 27. dxe5+ Nxe5 28. exd5 Bxd5
29. Rd1 Ke7 30. f4 {
Stellt den Springer vor die Wahl. Gerne haette ich ihn auf d3 gesehen.} 30...
Nd3+ 31. Bxd3 cxd3 32. c4 Be6 33. Ke3 Rd8 34. Rdb1 h5 (34... Rdd7 35. R1b3) 35.
Rb7 Rdd7 36. Rxc7 Rxc7 37. Rb4 Bf5 38. Nb3 Kf7 39. Nd4 Re7+ 40. Kd2 Be4 41. g3
g5 42. fxg5 fxg5 43. Rb5 Rc7 (43... Kf6 44. h4 Re5 45. a4 $14) 44. Re5 Bg2 45.
c5 Bxh3 46. Rxg5 Bg4 47. Kxd3 Kf6 (47... Rb7 48. c6 Rb2 49. Rxg4 hxg4 50. c7
$18) 48. Rd5 Rb7 49. c6 Rb2 50. c7 Rxa2 (50... Rb7 51. Rxh5 Rxc7 52. Ra5) 51.
Nf5 $1 Be2+ 52. Kc3 Ba6 53. Rd6+ Kxf5 54. Rxa6 Rxa6 55. c8=Q+ Re6 56. Kd4 Kf6
57. Qc5 Kg6 58. Qxa7 Kg5 59. Qg7+ Rg6 60. Qe5+ Kh6 61. Qf4+ Rg5 62. Ke4 Kg6 63.
Qd6+ Kg7 64. Kf4 Rg6 65. Qe5+ 1-0

[Event "73. Deutsche Meisterschaft"]
[Site "Altenkirchen"]
[Date "2001.12.04"]
[Round "5"]
[White "Mueller, Karsten"]
[Black "Slobodjan, Roman"]
[Result "1/2-1/2"]
[WhiteElo "2503"]
[BlackElo "2522"]
[PlyCount "65"]


1. d4 Nf6 2. Nf3 d5 3. c4 e6 4. Nc3 Be7 5. Bg5 O-O 6. e3 h6 7. Bh4 Ne4 8. Bxe7
Qxe7 9. Qc2 Nxc3 10. Qxc3 dxc4 11. Bxc4 b6 12. O-O Bb7 13. Be2 c5 14. dxc5 Rc8
15. b4 bxc5 16. b5 Nd7 17. a4 a6 18. Nd2 axb5 19. Bxb5 Nf6 20. Nc4 Rd8 21. Rfd1
Ne4 22. Qb2 Nd6 23. Nxd6 Rxd6 24. Rxd6 Qxd6 25. Bf1 Ba6 26. Bxa6 Qxa6 27. Qc3
c4 28. h3 Qc6 29. a5 Qb5 30. Qa3 Qc6 31. Qc3 Qb5 32. Qa3 Qc6 33. Qc3 1/2-1/2

[Event "73. Deutsche Meisterschaft"]
[Site "Altenkirchen"]
[Date "2001.12.04"]
[Round "5"]
[White "Lutz, Christopher"]
[Black "Braun, Arik"]
[Result "1-0"]
[WhiteElo "2643"]
[BlackElo "2229"]
[PlyCount "97"]


1. e4 c5 2. Nf3 e6 3. d3 Nc6 4. g3 Bd6 5. Bg2 Nge7 6. O-O O-O 7. Na3 b6 8. Re1
Bb7 9. c3 Rc8 10. h4 Bb8 11. h5 h6 12. Nc2 f5 13. e5 Kh7 14. Nh4 Na5 15. Bxb7
Nxb7 16. Qf3 Na5 17. Bf4 Qe8 18. Rad1 Qf7 19. a3 Rfd8 20. Ne3 b5 21. Qe2 b4 22.
axb4 cxb4 23. c4 Nb3 24. Nc2 Nc6 25. d4 a5 26. c5 Bc7 27. Ng6 a4 28. Rd3 Ra8
29. Red1 Ba5 30. Be3 Ne7 31. Nf4 Nd5 32. Nxd5 exd5 33. Ne1 Rdb8 34. Ng2 Bd8 35.
Qf3 Na5 36. Nf4 Nc4 37. Rb1 Nxb2 38. Rxb2 a3 39. Rb1 a2 40. Ra1 b3 41. Bc1 b2
42. Bxb2 Rxb2 43. Rb3 Ra3 44. Rxa3 Rb1+ 45. Qd1 Rxd1+ 46. Rxd1 Bg5 47. Ng6 Qe8
48. Rxa2 f4 49. gxf4 1-0

[Event "73. Deutsche Meisterschaft"]
[Site "Altenkirchen"]
[Date "2001.12.04"]
[Round "5"]
[White "Handke, Florian"]
[Black "Bischoff, Klaus"]
[Result "1-0"]
[WhiteElo "2407"]
[BlackElo "2541"]
[PlyCount "49"]


1. e4 c5 2. Nf3 d6 3. d4 cxd4 4. Nxd4 Nf6 5. Nc3 Nc6 6. Bg5 e6 7. Qd2 Qb6 8.
Nb3 a6 9. f3 Qc7 10. O-O-O Rb8 11. Bd3 Be7 12. f4 b5 13. Rhe1 b4 14. Nd5 exd5
15. exd5 Nxd5 16. Be4 Bxg5 17. Bxd5+ Be7 18. Re4 Ne5 19. fxe5 dxe5 20. Rc4 Qb6
21. Rc6 Qa7 22. Bxf7+ Kxf7 23. Qd5+ Ke8 24. Qxe5 Bd7 25. Rc7 1-0

[Event "73. Deutsche Meisterschaft"]
[Site "Altenkirchen"]
[Date "2001.12.05"]
[Round "6"]
[White "Bischoff, Dieter"]
[Black "Dunsbach, Dr., Ralf"]
[Result "1/2-1/2"]
[WhiteElo "2313"]
[BlackElo "2312"]
[PlyCount "39"]

1. d4 Nf6 2. c4 g6 3. Nc3 d5 4. Nf3 Bg7 5. Qb3 dxc4 6. Qxc4 O-O 7. e4 Na6 8.
Be2 c5 9. d5 e6 10. O-O exd5 11. exd5 Bf5 12. Rd1 Re8 13. Bf4 Ne4 14. Bd3 Bxc3
15. bxc3 b5 16. Qxb5 Nxc3 17. Qxa6 Bxd3 18. Qxd3 Ne2+ 19. Kf1 Nxf4 20. Qc4
1/2-1/2

[Event "73. Deutsche Meisterschaft"]
[Site "Altenkirchen"]
[Date "2001.12.05"]
[Round "6"]
[White "Schulz, Karsten"]
[Black "Hertneck, Gerald"]
[Result "1/2-1/2"]
[WhiteElo "2268"]
[BlackElo "2570"]
[PlyCount "41"]

1. Nf3 g6 2. d4 Bg7 3. g3 d6 4. Bg2 Nd7 5. O-O e5 6. dxe5 dxe5 7. e4 Ngf6 8.
Nbd2 O-O 9. b3 b6 10. Bb2 Re8 11. Nc4 Bb7 12. Nfxe5 Nxe5 13. Nxe5 Nxe4 14. f4
f6 15. Qe2 fxe5 16. Bxe4 Bxe4 17. Qxe4 Qd6 18. Qc4+ Qe6 19. Qxe6+ Rxe6 20. fxe5
Bxe5 21. Rae1 1/2-1/2

[Event "73. Deutsche Meisterschaft"]
[Site "Altenkirchen"]
[Date "2001.12.05"]
[Round "6"]
[White "Keilhack, Harald"]
[Black "Wolter, Dr. , Kai"]
[Result "1/2-1/2"]
[WhiteElo "2318"]
[BlackElo "2295"]
[PlyCount "47"]

1. Nf3 Nf6 2. c4 g6 3. Nc3 Bg7 4. e4 d6 5. d4 O-O 6. Be2 e5 7. O-O Na6 8. Be3
Ng4 9. Bg5 Qe8 10. dxe5 dxe5 11. h3 h6 12. Bc1 Nf6 13. Be3 Nh5 14. Re1 Nf4 15.
Bf1 Ne6 16. a3 b6 17. b4 Bb7 18. Ra2 c5 19. Nd5 Kh7 20. Qb1 Rc8 21. Bd3 Qd8 22.
Rc1 Nb8 23. b5 Nd7 24. Nd2 1/2-1/2

[Event "73. Deutsche Meisterschaft"]
[Site "Altenkirchen"]
[Date "2001.12.05"]
[Round "6"]
[White "Kalinitschew, Sergej"]
[Black "Grafl, Florian"]
[Result "1/2-1/2"]
[WhiteElo "2487"]
[BlackElo "2373"]
[PlyCount "64"]

1. d4 Nf6 2. Nf3 e6 3. c4 c5 4. e3 cxd4 5. exd4 b6 6. Nc3 Bb7 7. a3 a6 8. d5
exd5 9. cxd5 d6 10. Bc4 b5 11. Ba2 Qe7+ 12. Ne2 g6 13. O-O Bg7 14. Nc3 O-O 15.
Re1 Qc7 16. Bf4 Nbd7 17. Rc1 Qb6 18. Be3 Qd8 19. Nd4 Rc8 20. Ne6 fxe6 21. dxe6
Kh8 22. exd7 Qxd7 23. Bd4 Rce8 24. Qd2 Bxg2 25. Rxe8 Nxe8 26. Bxg7+ Nxg7 27.
Kxg2 Qg4+ 28. Kf1 Qh3+ 29. Ke1 Qxh2 30. Nd1 Qh1+ 31. Ke2 Qf3+ 32. Ke1 Qh1+
1/2-1/2

[Event "73. Deutsche Meisterschaft"]
[Site "Altenkirchen"]
[Date "2001.12.05"]
[Round "6"]
[White "Levin, Felix"]
[Black "Jugelt, Tobias"]
[Result "1/2-1/2"]
[WhiteElo "2531"]
[BlackElo "2420"]
[PlyCount "61"]

1. d4 d5 2. c4 Nc6 3. cxd5 Qxd5 4. e3 e5 5. Nc3 Bb4 6. Bd2 Bxc3 7. Bxc3 exd4 8.
Ne2 Nf6 9. Nxd4 Nxd4 10. Qxd4 O-O 11. Rd1 Be6 12. Qxd5 Nxd5 13. Bd2 Rfd8 14.
Be2 Nf6 15. a3 Ne4 16. f3 Nxd2 17. Rxd2 c5 18. Rc2 b6 19. Bc4 Bxc4 20. Rxc4 Rd3
21. Ke2 Rad8 22. Rc2 Rb3 23. e4 g5 24. Rd1 Rxd1 25. Kxd1 Rd3+ 26. Rd2 Rxd2+ 27.
Kxd2 f6 28. Kd3 b5 29. e5 f5 30. g3 Kf7 31. f4 1/2-1/2

[Event "73. Deutsche Meisterschaft"]
[Site "Altenkirchen"]
[Date "2001.12.05"]
[Round "6"]
[White "Knuth, Hannes"]
[Black "von Herman, Ulf"]
[Result "1/2-1/2"]
[WhiteElo "2313"]
[BlackElo "2395"]
[PlyCount "70"]

1. d4 d5 2. c4 c6 3. Nc3 Nf6 4. Nf3 a6 5. e3 b5 6. b3 Bg4 7. a4 Bxf3 8. Qxf3
bxc4 9. bxc4 e5 10. dxe5 Bb4 11. Bd2 Bxc3 12. Bxc3 Ne4 13. Rc1 Nxc3 14. Rxc3
Qa5 15. Kd2 Nd7 16. Bd3 dxc4 17. Bxc4 Nxe5 18. Qf4 O-O 19. Rhc1 Rab8 20. Ke2
Rb4 21. Qe4 Rxa4 22. f4 Nxc4 23. Rxc4 Qh5+ 24. Kf1 Rxc4 25. Rxc4 Qxh2 26. Rxc6
Qh1+ 27. Kf2 Qh4+ 28. Kf1 a5 29. Ra6 Rc8 30. Rc6 Rd8 31. Qc2 Qg4 32. Kf2 h5 33.
Rc5 f6 34. Qa2+ Kh7 35. Qxa5 Qh4+ 1/2-1/2

[Event "73. Deutsche Meisterschaft"]
[Site "Altenkirchen"]
[Date "2001.12.05"]
[Round "6"]
[White "Tischbierek, Raj"]
[Black "Schlindwein, Rolf"]
[Result "1-0"]
[WhiteElo "2493"]
[BlackElo "2440"]
[PlyCount "57"]

1. Nf3 Nf6 2. d4 e6 3. c4 b6 4. Nc3 Bb4 5. Bg5 Bb7 6. e3 h6 7. Bh4 g5 8. Bg3
Ne4 9. Qc2 h5 10. Bd3 f5 11. d5 Bxc3+ 12. bxc3 exd5 13. cxd5 Bxd5 14. c4 Bb7
15. Be5 Rf8 16. Nd4 Qe7 17. Bxc7 Na6 18. Nb5 Nb4 19. Qd1 Nxd3+ 20. Qxd3 Qb4+
21. Kf1 Qb2 22. Nd6+ Nxd6 23. Rd1 Qxa2 24. Bxd6 Rf7 25. Qc3 Bxg2+ 26. Kxg2
O-O-O 27. Qd3 Qa4 28. Qd5 Qc6 29. h4 1-0

[Event "73. Deutsche Meisterschaft"]
[Site "Altenkirchen"]
[Date "2001.12.05"]
[Round "6"]
[White "Berezovsky, Igor"]
[Black "Singer, Christoph"]
[Result "1-0"]
[WhiteElo "2432"]
[BlackElo "2300"]
[PlyCount "63"]

1. c4 e6 2. e4 d5 3. exd5 exd5 4. d4 Nf6 5. Nc3 Be7 6. Nf3 O-O 7. Bd3 Nc6 8. h3
Nb4 9. Be2 Bf5 10. O-O dxc4 11. Bxc4 Nc2 12. Nh4 Nxd4 13. Nxf5 Nxf5 14. Qf3 Qc8
15. Re1 Nh4 16. Qe2 Ng6 17. Qc2 c6 18. Be3 b5 19. Bb3 a5 20. a4 b4 21. Ne4 Nxe4
22. Qxe4 Bf6 23. Rac1 Bxb2 24. Rxc6 Qd7 25. Rd1 Qe7 26. Qc2 Bc3 27. Bc5 Qb7 28.
Bxf8 Qxc6 29. Bd5 Qe8 30. Bxa8 Qxa8 31. Bc5 Nf4 32. Qe4 1-0

[Event "73. Deutsche Meisterschaft"]
[Site "Altenkirchen"]
[Date "2001.12.05"]
[Round "6"]
[White "Wahls, Matthias"]
[Black "Christ, Ralf"]
[Result "1-0"]
[WhiteElo "2580"]
[BlackElo "2272"]
[PlyCount "73"]

1. c4 Nf6 2. Nc3 e5 3. Nf3 Nc6 4. e3 Be7 5. Qb3 O-O 6. a3 Re8 7. d3 d6 8. Be2
a6 9. O-O Bd7 10. Qc2 Rb8 11. b4 Bf8 12. Bb2 b5 13. d4 exd4 14. exd4 Bg4 15.
cxb5 axb5 16. Nxb5 Qd7 17. Rac1 d5 18. Rfe1 Bxf3 19. gxf3 Re6 20. Bf1 Rxe1 21.
Rxe1 Rb6 22. Rd1 Nh5 23. Nc3 Nf4 24. Na4 Nxd4 25. Rxd4 Rg6+ 26. Kh1 Nh3 27. Bg2
Qe8 28. Bc3 Nxf2+ 29. Qxf2 Qxa4 30. Qb2 Qb5 31. Qd2 c6 32. Qd3 Qb8 33. Rg4 Rh6
34. h3 Qe8 35. Qd2 Re6 36. Bf1 Re3 37. Qd4 1-0

[Event "73. Deutsche Meisterschaft"]
[Site "Altenkirchen"]
[Date "2001.12.05"]
[Round "6"]
[White "Rabiega, Robert"]
[Black "Breutigam, Martin"]
[Result "1-0"]
[WhiteElo "2503"]
[BlackElo "2411"]
[PlyCount "67"]

1. e4 e5 2. Nf3 Nc6 3. Bc4 Nf6 4. d3 Be7 5. O-O O-O 6. Re1 d6 7. a4 Nd4 8. Nxd4
exd4 9. c3 dxc3 10. Nxc3 Be6 11. Qb3 Qd7 12. Qxb7 Rfb8 13. Qa6 Rb6 14. Bxe6
Qxe6 15. Qa5 c5 16. Nb5 Bd8 17. Qd2 Ng4 18. d4 a6 19. Nc3 Rab8 20. h3 cxd4 21.
Ne2 Nxf2 22. Nf4 Nxh3+ 23. Nxh3 Bh4 24. Rd1 Qg4 25. Qxd4 Bf6 26. Qd5 Be5 27.
Rf1 Rf8 28. Ra3 h6 29. Raf3 Kh7 30. Bf4 Rxb2 31. Rg3 Qh5 32. Ng5+ Kg8 33. Bxe5
dxe5 34. Ne6 1-0

[Event "73. Deutsche Meisterschaft"]
[Site "Altenkirchen"]
[Date "2001.12.05"]
[Round "6"]
[White "Bruehl, Andreas"]
[Black "Muranyi, Karl Jasmin"]
[Result "1/2-1/2"]
[WhiteElo "2272"]
[BlackElo "2331"]
[PlyCount "83"]

1. e4 c6 2. d4 d5 3. exd5 cxd5 4. Bd3 Nf6 5. c3 Qb6 6. Qb3 Bg4 7. Na3 Nbd7 8.
Bf4 a6 9. Ne2 e6 10. Nc2 Bh5 11. Bg3 Bg6 12. Nf4 Bxd3 13. Nxd3 Be7 14. Ne5 Nh5
15. Nxd7 Qxb3 16. axb3 Kxd7 17. b4 g5 18. Kd2 Ng7 19. f3 h5 20. h3 Nf5 21. Bh2
Rag8 22. Ne3 Nxe3 23. Kxe3 g4 24. hxg4 hxg4 25. Bf4 gxf3 26. gxf3 Rxh1 27. Rxh1
Bf6 28. Be5 Bxe5 29. dxe5 Rg2 30. b3 Rb2 31. Kd3 Rxb3 32. Kc2 Ra3 33. Kb2 Ra4
34. Rh7 Ke7 35. Rh8 b5 36. Ra8 d4 37. cxd4 Rxb4+ 38. Kc3 Ra4 39. f4 Ra3+ 40.
Kb4 Rd3 41. Ra7+ Ke8 42. Kc5 1/2-1/2

[Event "73. Deutsche Meisterschaft"]
[Site "Altenkirchen"]
[Date "2001.12.05"]
[Round "6"]
[White "Braun, Arik"]
[Black "Gutman, Lev"]
[Result "1/2-1/2"]
[WhiteElo "2489"]
[BlackElo "2229"]
[PlyCount "89"]

1. d4 Nf6 2. c4 g6 3. Nc3 Bg7 4. e4 O-O 5. Be3 c6 6. f3 d5 7. cxd5 cxd5 8. e5
Nfd7 9. f4 Nb6 10. Be2 Nc6 11. Nf3 Bg4 12. O-O Rc8 13. Rc1 Nc4 14. Bxc4 dxc4
15. d5 Nb4 16. Qd4 a6 17. b3 b5 18. Nd2 Nd3 19. Rb1 Bf5 20. bxc4 bxc4 21. Rb6
g5 22. g3 gxf4 23. gxf4 e6 24. Nxc4 Qh4 25. Ne2 Rxc4 26. Qxc4 Nxe5 27. Qb3 Ng4
28. Rf2 Nxf2 29. Bxf2 Qg4+ 30. Ng3 h5 31. h3 Qg6 32. dxe6 fxe6 33. Kh2 h4 34.
Nxf5 Qxf5 35. Qxe6+ Qxe6 36. Rxe6 Rxf4 37. Bc5 Ra4 38. a3 Kf7 39. Re2 Bf6 40.
Kg2 Ra5 41. Rc2 Ke6 42. Kf3 Rb5 43. Bb4 Rf5+ 44. Ke4 Re5+ 45. Kf3 1/2-1/2

[Event "73. Deutsche Meisterschaft"]
[Site "Altenkirchen"]
[Date "2001.12.05"]
[Round "6"]
[White "Baramidze, David"]
[Black "Bastian, Herbert"]
[Result "0-1"]
[WhiteElo "2335"]
[BlackElo "2353"]
[PlyCount "130"]

1. e4 e5 2. Nf3 Nc6 3. Bb5 Nf6 4. O-O Nxe4 5. d4 Be7 6. dxe5 O-O 7. Qd5 Nc5 8.
Be3 Ne6 9. Nc3 a6 10. Be2 d6 11. Rad1 dxe5 12. Nxe5 Nxe5 13. Qxe5 Bd6 14. Qh5
Qe8 15. Bd3 g6 16. Qh6 Be5 17. Nd5 Qd8 18. Bc4 Bg7 19. Qh3 Bd7 20. Rfe1 b5 21.
Bf1 c5 22. Qg3 Re8 23. Qd6 Nd4 24. Bxd4 cxd4 25. Ne7+ Kh8 26. Rxd4 Be6 27. Qxd8
Raxd8 28. Rxd8 Rxd8 29. b3 Bf6 30. Nc6 Rc8 31. Nb4 a5 32. Na6 Rxc2 33. Bxb5 Bd4
34. Rf1 Rxa2 35. Ba4 Rb2 36. Rd1 Bg4 37. Rc1 Rxf2 38. Kh1 Be2 39. Nb8 Be3 40.
Rg1 Bd3 41. h3 Rc2 42. Re1 Bf4 43. Nc6 Bg3 44. Rg1 Bf2 45. Rd1 Be4 46. Ne5 Bg3
47. Nf3 Rb2 48. Rc1 Kg7 49. Kg1 Bd5 50. Ra1 h6 51. Bb5 Rxb3 52. Bf1 Bc7 53. Kh1
Bb6 54. Kh2 Rb2 55. Kh1 Kf6 56. Ne1 g5 57. Kh2 h5 58. Rd1 Be6 59. Ra1 g4 60. h4
Rd2 61. Nd3 Bf5 62. Ra3 Rd1 63. Be2 Bc7+ 64. g3 Rd2 65. Nc1 Rc2 0-1

[Event "73. Deutsche Meisterschaft"]
[Site "Altenkirchen"]
[Date "2001.12.05"]
[Round "6"]
[White "Jussupow, Artur"]
[Black "Handke, Florian"]
[Result "0-1"]
[WhiteElo "2630"]
[BlackElo "2407"]
[PlyCount "76"]

1. d4 Nf6 2. c4 e6 3. Nc3 Bb4 4. e3 b6 5. Nge2 Ne4 6. f3 Nxc3 7. bxc3 Be7 8.
Ng3 Nc6 9. Bd3 h5 10. O-O h4 11. Ne4 Ba6 12. Qe2 Na5 13. Nd2 d5 14. cxd5 Bxd3
15. Qxd3 Qxd5 16. c4 Qd7 17. Bb2 O-O 18. f4 f5 19. Bc3 Nb7 20. e4 Nc5 21. Qe3
Nxe4 22. Nxe4 fxe4 23. Qxe4 Bf6 24. Rf3 Rad8 25. Rd1 c5 26. d5 Bxc3 27. Rxc3
exd5 28. cxd5 Qg4 29. Rf1 Rfe8 30. Qc4 Re2 31. g3 Rd2 32. d6+ Kh8 33. Rc2 Rxc2
34. Qxc2 hxg3 35. Qd3 c4 36. Qxc4 Rxd6 37. Qe4 gxh2+ 38. Kh1 Rg6 0-1

[Event "73. Deutsche Meisterschaft"]
[Site "Altenkirchen"]
[Date "2001.12.05"]
[Round "6"]
[White "Bischoff, Klaus"]
[Black "Espig, Lutz"]
[Result "1/2-1/2"]
[WhiteElo "2541"]
[BlackElo "2411"]
[PlyCount "49"]

1. d4 Nf6 2. c4 d6 3. Nc3 Nbd7 4. e4 e5 5. d5 Be7 6. Be3 O-O 7. f3 Ne8 8. Qd2
h6 9. g3 Bg5 10. Bxg5 Qxg5 11. Qxg5 hxg5 12. Nh3 g4 13. fxg4 Ndf6 14. g5 Nh7
15. g4 Bxg4 16. Nf2 Bd7 17. h4 g6 18. Rg1 Ng7 19. Be2 f6 20. gxf6 Rxf6 21. Nd3
Kf7 22. Kd2 Rh8 23. Rg2 Nf8 24. Rh1 Nh5 25. Rg5 1/2-1/2

[Event "73. Deutsche Meisterschaft"]
[Site "Altenkirchen"]
[Date "2001.12.05"]
[Round "6"]
[White "Schramm, Christian"]
[Black "Haensel, Thomas"]
[Result "1/2-1/2"]
[WhiteElo "2359"]
[BlackElo "2259"]
[PlyCount "122"]

1. d4 Nf6 2. c4 g6 3. Nc3 Bg7 4. g3 O-O 5. Bg2 d6 6. Nf3 Nc6 7. O-O e5 8. dxe5
Nxe5 9. Nxe5 dxe5 10. Qxd8 Rxd8 11. Nd5 c6 12. Ne7+ Kf8 13. Nxc8 Raxc8 14. Be3
Ra8 15. h3 Nd7 16. g4 Kg8 17. Rfd1 Bf8 18. g5 a5 19. h4 Nc5 20. b3 Be7 21. Bh3
Kf8 22. Kg2 Ke8 23. Kf3 Rxd1 24. Rxd1 Rd8 25. Rb1 Bd6 26. a3 Na6 27. Bb6 Bc7
28. Be3 Bd6 29. Bb6 Bc7 30. Bxc7 Nxc7 31. e3 Ke7 32. b4 axb4 33. axb4 Na6 34.
c5 Nc7 35. Ra1 Nd5 36. Ra7 Rb8 37. b5 e4+ 38. Kxe4 Nc3+ 39. Ke5 Nxb5 40. Ra4
Rd8 41. e4 Rd1 42. Rc4 Rb1 43. Rc2 Rb3 44. Bg4 Na3 45. Rc1 b6 46. Rd1 Nc4+ 47.
Kf4 bxc5 48. Rd7+ Ke8 49. Ra7 Rd3 50. Be2 Rd4 51. Bxc4 Rxc4 52. Ke5 Rc2 53. f4
c4 54. Rc7 Rh2 55. Rxc6 Rxh4 56. Rxc4 h6 57. gxh6 Rxh6 58. Kf6 Rh4 59. Kg5 Rh5+
60. Kf6 Rh4 61. Ke5 Kf8 1/2-1/2